Pro-energy magazín energetické trhy, trendy a perspektivy

Guardado en:
Detalles Bibliográficos
Formato: Seriadas
Lenguaje:checo
Publicado: Mečeříž 203 PRO-ENERGY magazín 2018
Etiquetas: Agregar Etiqueta
Sin Etiquetas, Sea el primero en etiquetar este registro!

MARC

LEADER 00000nas2a2200000 4500
001 0247891
005 20230131074318.7
022 |a 1802-4599 
041 0 |a cze 
044 |a CZ 
245 1 0 |a Pro-energy magazín  |b energetické trhy, trendy a perspektivy 
264 1 |a Mečeříž 203  |b PRO-ENERGY magazín  |c 2018 
773 0 |w eu_un_cat*0117553 
774 0 |w eu_un_cat*0290720